PROJEKTOVANIE HYBRIDNÝCH MONTÁŽNYCH SYSTÉMOV

Bibliographic Details
Main Author: Kováč, Jozef (Author)
Format: Article
Language:Slovak
ISBN:8070996528

MARC

LEADER 00000naa a2200000uu 4500
001 vtls011055768
003 SK-MaSNL
005 20260302115559.0
008 210907|2000 xo |||||||||||||||||slo|
015 |a SNBRA 
035 |a (urnnbn)urn:nbn:sk:snk:ar-a0byh6 
035 |a (uuid)19960c03-f253-40a8-8234-06051bea7dc7 
035 |a urn:nbn:sk:snk-aav54t 
040 |a SNKBUCL  |b slo  |c SNKBUCL  |e AACR2 
041 0 |a slo 
044 |a xo  |c SK 
100 1 |a Kováč, Jozef  |4 aut  |9 270819 
245 1 0 |a PROJEKTOVANIE HYBRIDNÝCH MONTÁŽNYCH SYSTÉMOV  |c Jozef KOVÁČ 
773 0 |t Transfer inovácií  |d Košice : Technická univerzita, 2000  |g S. 103-106  |z 8070996528 
958 |a OND 
958 |a article12 
958 |a chapter 
999 |c 1265384  |d 1267314